Statistics for 北アメリカの首都

Click here to take the quiz!

General Stats

  • This quiz has been taken 46 times
  • The average score is 11 of 23

Answer Stats

CountryCapital% Correct
アメリカワシントンD.C.
94%
カナダオタワ
91%
メキシコメキシコシティ
88%
キューバハバナ
79%
パナマパナマシティ
76%
グアテマラグアテマラシティ
67%
エルサルバドルサンサルバドル
64%
ジャマイカキングストン
48%
ベリーズベルモパン
48%
バハマナッソー
45%
ドミニカ共和国サントドミンゴ
42%
ニカラグアマナグア
42%
トリニダード・トバゴポートオブスペイン
39%
バルバドスブリッジタウン
39%
コスタリカサンホセ
39%
ホンジュラステグシガルパ
39%
セントビンセント・グレナディーンキングスタウン
36%
ハイチポルトープランス
30%
アンティグア・バーブーダセントジョンズ
30%
ドミニカ国ロゾー
27%
グレナダセントジョージズ
24%
セントクリストファー・ネイビスバセテール
21%
セントルシアカストリーズ
21%

Score Distribution

Percentile by Number Answered

Percent of People with Each Score

Your Score History

You have not taken this quiz